00275nam a2200121Ia 4500008004100000082001700041100002000058245001700078600001200095630001700107700001200124730001700136090122s9999 xx 000 0 und d b4228aO111:3 aRobbinsbHarold aNever Enough aRobbins aNever Enough aRobbins aNever Enough